000 00837nam a22002417a 4500
003 UA-OsUOA
001 31821
007 ta
008 20050112b un ||||| |||| 00| 0 ukr d
090 _a94(47+57)
_bП26
942 _cBK
040 _aUA-OsUOA
_brus
_cUA-OsUOA
_dUA-OsUOA
245 _aПереписка председателя Совета Министров СССР с президентом США и премьер-министрами Великобритании во время Великой Отечественной войны 1941-1945гг.
_cСост. А. А.Громыко В. М.Хвостов
300 _a406 с.
955 _a0
041 _arus
080 _a94(47+57)
260 _aМосква
_bПолитиздат
_c1958
246 3 1 _aТ. 1
_n
044 _aRU
650 7 _2UDC
999 _c318255
_d318255